MARC details
| 000 -LEADER |
| fixed length control field |
01383nam a2200277 4500 |
| 008 - FIXED-LENGTH DATA ELEMENTS--GENERAL INFORMATION |
| fixed length control field |
s1981 fr fre u |
| 020 ## - INTERNATIONAL STANDARD BOOK NUMBER |
| International Standard Book Number |
2020060140 |
| 020 ## - INTERNATIONAL STANDARD BOOK NUMBER |
| International Standard Book Number |
9782020060141 |
| 040 ## - CATALOGING SOURCE |
| Original cataloging agency |
LB-BrCRDP |
| 082 1# - DEWEY DECIMAL CLASSIFICATION NUMBER |
| Classification number |
370.9 |
| Item number |
MAR |
| 100 1# - MAIN ENTRY--PERSONAL NAME |
| Personal name |
Marrou, Henri-Irénée |
| 245 10 - TITLE STATEMENT |
| Title |
Histoire de l'éducation dans l'Antiquité. Tome 1: Le monde grec |
| Statement of responsibility, etc. |
Henri-Irénée Marrou |
| 250 ## - EDITION STATEMENT |
| Edition statement |
7e éd. |
| 260 ## - PUBLICATION, DISTRIBUTION, ETC. |
| Place of publication, distribution, etc. |
Paris |
| Name of publisher, distributor, etc. |
Seuil |
| Date of publication, distribution, etc. |
1981 |
| 300 ## - PHYSICAL DESCRIPTION |
| Extent |
436 p. |
| Dimensions |
18 cm |
| 490 0# - SERIES STATEMENT |
| Series statement |
Points Histoire |
| 500 ## - GENERAL NOTE |
| General note |
Table des matières, notes complémentaires, références, index. |
| 520 ## - SUMMARY, ETC. |
| Summary, etc. |
" L'éducation homérique, l'éducation spartiate, la pédérastie en tant qu'éducation, l'ancienne éducation athénienne, etc.Autant d'ensembles bien centrés sur un problème vivant. Rien de stéréotypé. Beaucoup de grosses questions abordées et, sinon résolues, du moins discutées avec pénétration. Pas de pédantisme. Un réel et solide savoir. Le constant souci de fournir au lecteur le moyen d'en vérifier les sources. D'un mot, un livre éclairant. Capital pour qui veut comprendre, en profondeur, les sociétés de l'antiquité classique. |
| 650 4# - SUBJECT ADDED ENTRY--TOPICAL TERM |
| Topical term or geographic name entry element |
Education classique |
| 650 4# - SUBJECT ADDED ENTRY--TOPICAL TERM |
| Topical term or geographic name entry element |
Evolution de l'éducation |
| 650 4# - SUBJECT ADDED ENTRY--TOPICAL TERM |
| Topical term or geographic name entry element |
Histoire |
| 650 4# - SUBJECT ADDED ENTRY--TOPICAL TERM |
| Topical term or geographic name entry element |
Sciences politiques |
| 650 4# - SUBJECT ADDED ENTRY--TOPICAL TERM |
| Topical term or geographic name entry element |
Antiquité |
| 942 ## - ADDED ENTRY ELEMENTS (KOHA) |
| Koha item type |
Books |